Designing curriculum (Record no. 63460)
[ view plain ]
| 000 -LEADER | |
|---|---|
| fixed length control field | 01127nam a2200217 a 4500 |
| 008 - FIXED-LENGTH DATA ELEMENTS--GENERAL INFORMATION | |
| fixed length control field | 120416s1976 ||||||||||||||||| || u |
| 020 ## - INTERNATIONAL STANDARD BOOK NUMBER | |
| International Standard Book Number | 0316563048 |
| 050 ## - LIBRARY OF CONGRESS CALL NUMBER | |
| Classification number | LC 5219 Mac |
| 100 ## - MAIN ENTRY--PERSONAL NAME | |
| Personal name | McNeil, John D |
| 245 10 - TITLE STATEMENT | |
| Title | Designing curriculum |
| 246 ## - | |
| -- | self instructional modules |
| 260 ## - PUBLICATION, DISTRIBUTION, ETC. | |
| Place of publication, distribution, etc. | Boston |
| Name of publisher, distributor, etc. | Little, Brown and Company |
| Date of publication, distribution, etc. | 1976 |
| 300 ## - PHYSICAL DESCRIPTION | |
| Extent | (6), 138p. |
| 350 ## - | |
| -- | 0.00 |
| 650 ## - SUBJECT ADDED ENTRY--TOPICAL TERM | |
| Topical term or geographic name entry element | DESIGNING CURRICULUM |
| 650 #0 - SUBJECT ADDED ENTRY--TOPICAL TERM | |
| Topical term or geographic name entry element | EDUCATIONAL TESTS AND MEASUREMENTS |
| 995 ## - | |
| -- | ANNEX COLLECTION (Main Library) |
| -- | 0.00 |
| -- | 713368 |
| -- | CBU-MAIN LIBRARY (Kitwe) |
| -- | 1 |
| -- | 6.95 |
| -- | LC 5219 Mac |
| -- | 1 |
| -- | AVAILABLE |
| -- | 009262 |
| -- | Annex Low-Usage Collection |
| 995 ## - | |
| -- | MAIN LIBRARY OPEN ACCESS |
| -- | 0.00 |
| -- | 713371 |
| -- | CBU-MAIN LIBRARY (Kitwe) |
| -- | 3 |
| -- | 6.95 |
| -- | LC 5219 Mac |
| -- | 3 |
| -- | AVAILABLE |
| -- | 009259 |
| -- | Main Library Open Access Collection |
| 995 ## - | |
| -- | MAIN LIBRARY OPEN ACCESS |
| -- | 0.00 |
| -- | 713370 |
| -- | CBU-MAIN LIBRARY (Kitwe) |
| -- | 4 |
| -- | 6.95 |
| -- | LC 5219 Mac |
| -- | 4 |
| -- | AVAILABLE |
| -- | 009260 |
| -- | Main Library Open Access Collection |
| 995 ## - | |
| -- | ANNEX COLLECTION (Main Library) |
| -- | 0.00 |
| -- | 713369 |
| -- | CBU-MAIN LIBRARY (Kitwe) |
| -- | 2 |
| -- | 6.95 |
| -- | LC 5219 Mac |
| -- | 2 |
| -- | AVAILABLE |
| -- | Nov 22, 2006 |
| -- | 009261 |
| -- | Annex Low-Usage Collection |
| 999 ## - | |
| -- | 63460 |
| -- | 63460 |
| Withdrawn status | Lost status | Source of classification or shelving scheme | Damaged status | Not for loan | Permanent Location | Current Location | Shelving location | Date acquired | Total Checkouts | Full call number | Barcode | Date last seen | Price effective from | Koha item type | Date last checked out |
|---|---|---|---|---|---|---|---|---|---|---|---|---|---|---|---|
| CBU-MAIN LIBRARY, KITWE. | CBU-MAIN LIBRARY, KITWE. | 12/24/2022 | LC 5219 Mac | 009262 | 12/24/2022 | 12/24/2022 | MONOGRAPH | ||||||||
| CBU-MAIN LIBRARY, KITWE. | CBU-MAIN LIBRARY, KITWE. | 12/24/2022 | 1 | LC 5219 Mac | 009259 | 09/24/2024 | 12/24/2022 | MONOGRAPH | 07/19/2024 | ||||||
| CBU-MAIN LIBRARY, KITWE. | CBU-MAIN LIBRARY, KITWE. | 12/24/2022 | LC 5219 Mac | 009260 | 12/24/2022 | 12/24/2022 | MONOGRAPH | ||||||||
| CBU-MAIN LIBRARY, KITWE. | CBU-MAIN LIBRARY, KITWE. | 12/24/2022 | LC 5219 Mac | 009261 | 12/24/2022 | 12/24/2022 | MONOGRAPH |